Online Catalogue and eLibrary

Storylines : (Record no. 3381)

MARC details
000 -LEADER
fixed length control field 00617nam a2200157Ia 4500
005 - DATE AND TIME OF LATEST TRANSACTION
control field 20241129011719.0
008 - FIXED-LENGTH DATA ELEMENTS--GENERAL INFORMATION
fixed length control field 240331s9999 xx 000 0 und d
020 ## - INTERNATIONAL STANDARD BOOK NUMBER
ISBN
082 ## - DDC Classification
Item Number - Author Mark STO
Class No. 891
245 #0 - TITLE STATEMENT
Title Storylines :
Remainder of title conversation with women writers
260 ## - PUBLICATION, DISTRIBUTION, ETC.
Place of publication, distribution, etc. Delhi & Hyderabad
Name of publisher, distributor, etc. Women's World(India) & Asmita Resource Centre for Women
Date of publication, distribution, etc. 2003
300 ## - PHYSICAL DESCRIPTION
Extent (e.g. Volumes, Pages etc.) 312 p .,
500 ## - GENERAL NOTE
General note The interview in this volume are the outcome of a series of workshops held with women writers during 1999 - 2001, on the question of gender-based censorship and related issues.
700 ## - ADDED ENTRY--PERSONAL NAME
Personal name Joseph, A and others.
Relator term (Role) Editor
942 ## - Koha item type (Biblio)
Koha item type Books in Stacks (Lending)
Holdings
Lost status Damaged status Collection code Home library Current library Shelving location Date acquired Full call number Accession Number Item type
    Lending WERC Library WERC Library Social Science Cupboard 03/31/2024 891.48 STO 5476 Books in Stacks (Lending)

© WERC Library